Statistics for Biggest Things By Continent Quiz

Click here to take the quiz!

General Stats

  • This quiz has been taken 30 times
  • The average score is 26 of 42

Answer Stats

GroupHow Big?CategoryAnswer% Correct
Africa6350 kgBiggest Land AnimalAfrican Elephant
96%
Asia3175 kgBiggest Land AnimalAsian Elephant
96%
South America6,575 kmLongest RiverAmazon
92%
Oceania7,692,024 km2Biggest Country (Area)Australia
92%
Antarctica5,896,500 km2Biggest Country (Area)**Australia
92%
South America8,515,767 km2Biggest Country (Area)Brazil
92%
North America9,984,670 km2Biggest Country (Area)Canada
92%
North America21 MillionBiggest City (Metro)Mexico City
92%
Asia8,848mTallest MountainMount Everest
92%
Africa6,650 kmLongest RiverNile
92%
Asia13,000,000 km2Biggest Country (Area)Russia
92%
Europe3,972,400 km2Biggest Country (Area)Russia
92%
Africa2,381,741 km2Biggest Country (Area)Algeria
88%
Europe17 MillionBiggest City (Metro)Moscow
88%
South America21 MillionBiggest City (Metro)Sao Paulo
88%
Africa21 MillionBiggest City (Metro)Lagos
85%
Africa59,947 km2Biggest Lake (Area)Lake Victoria
85%
Asia38 MillionBiggest City (Metro)Tokyo
85%
North America6,275 kmLongest RiverMississippi
81%
Oceania5 MillionBiggest City (Metro)Sydney
81%
North America82,100 km2Biggest Lake (Area)Lake Superior
77%
Africa5,895mTallest MountainMount Kilimanjaro
77%
South America8,372 km2Biggest Lake (Area)Titicaca
65%
Europe5,642mTallest MountainMount Elbrus
62%
Asia6,300 kmLongest RiverYangtze
62%
North America6,194mTallest MountainDenali
54%
Europe590 kgBiggest Land AnimalEuropean Bison
54%
Oceania45 kgBiggest Land AnimalRed Kangaroo
54%
Europe3,645 kmLongest RiverVolga
54%
North America907 kgBiggest Land AnimalWood Bison
54%
Asia371,000 km2Biggest Lake (Area)Caspian Sea
46%
Oceania3,672 kmLongest RiverMurray
42%
South America6,961mTallest MountainAconcagua
38%
Antarctica4,892mTallest MountainVinson Massif
27%
Europe18,130 km2Biggest Lake (Area)Lake Ladoga
15%
Antarctica1,258Biggest City (Metro)McMurdo Station
15%
Antarctica12,500 km2Biggest Lake (Area)Lake Vostok
8%
South America168 kgBiggest Land AnimalLowland Tapir
8%
Oceania4,884mTallest MountainPuncak Jaya
8%
Antarctica2~6mmBiggest Land AnimalAntarctic Midge
4%
Oceania9,500 km2Biggest Lake (Area)Lake Eyre
4%
Antarctica32 kmLongest RiverOnyx
0%

Score Distribution

Percentile by Number Answered

Percent of People with Each Score

Your Score History

You have not taken this quiz